00998nam a22002537a 45000010005000000030006000050050017000110080041000280200018000690400029000870500016001160820012001321000016001442450062001602500028002222600034002503000023002845050007003075200341003145210018006555210018006736500030006916500023007216085FISKH20250312121640.0250310b cb ||||| |||| 00| 0 eng d a9780545361590 aFISKHbengcFISKHdFISKH aPZ7.B5347 F a 823.92 aBlade, Adam aThe chronicles of Avantia : bFirst hero /cBy Adam Blade aFirst paperback in 2012 aNew York :bScholastic,c2010 a170 pages :c20 cm aR  aFifteen-year-old Tanner, with the good Beast Firepos the Flame Bird, is waiting to avenge his father's death by warlord Derthsin when Avantia is menaced by an evil army seeking the pieces of the Mask of Death, which allows its wearer to control all Beasts, and Tanner, aided by twins Gwen and Geffen, sets out to find the pieces first. 8 a720 bLexile 8 aR bRaz-Plus  2Accelerated ReaderaLilly 2MarenaChildren 8+